000 00334nam a22001337a 4500
999 _c520782
_d520782
008 221012b ||||| |||| 00| 0 eng d
100 _aChaturvedi, Namrata
_935203
245 _aKashmir: Poetry and mysticism
260 _aYojana
300 _a66(9), Sep, 2022: p.61-63
773 _aYojana
906 _aCULTURE
942 _cAR